000
00290nam a2200097Ia 4500
008
220204s9999 xx 000 0 und d
082
_a
678.029.6
_b
AST
245
0
_a
ASTM specifications for rubber protective equipment for electrical workers
260
_a
Philadelphia
_b
ASTM
_c
1971
942
_c
BK
999
_c
24025
_d
24025